000 00565nam a2200193 a 4500
001 57304
003 BD-RjUL
005 20211209080507.0
008 161208s1964 pk ||||| |||| 00| 0 eng d
035 _a(BD-RjUL)57428
040 _aBD-RjUL
_beng
_cBD-RjUL
_dBD-RjUL
041 _aeng
082 _223
_a297
_bISL 1964
245 1 0 _aIslam in the modern world :
_bproceedings of an international seminar /
_cSyed Ali Ahsan.
260 _aPakistan :
_bCongress for Cultural Freedom ,
_c1964.
300 _a190 p. ;
_c22 cm.
650 _aIslam
_9170169
942 _2ddc
_cBK
999 _c57304
_d57304